| 000 | 01217cam a2200289 i 4500 | ||
|---|---|---|---|
| 003 | SA-RiAUC | ||
| 005 | 20240909132136.0 | ||
| 008 | 240908s2014____su g 000 0bara c | ||
| 020 | _a9960850776 | ||
| 040 |
_aSA-JeGAR _bara _cSA-RiAUC _erda |
||
| 082 | 0 | 4 |
_a239 _qSA-RiAUC |
| 090 |
_a239 _bب ا ح |
||
| 100 | 1 |
_aباحبيشي، حسن بن عبيد _eمؤلف. |
|
| 245 | 1 | 0 |
_aيا رسول الله ! : _bلماذا أحبك ؟ ولماذا أصلي عليك ؟ / _cإعداد حسن بن عبيد باحبيشي. |
| 250 | _aالطبعة السادسة | ||
| 264 | 1 |
_aجدة، السعودية : _bحسن بن عبيد باحبيشي، _c1434هـ |
|
| 300 |
_a107 صفحة ؛ _c20 سم |
||
| 336 |
_aنص _btxt _2rdacontent _3كتاب |
||
| 337 |
_aبدون وسيط _bn _2rdamedia |
||
| 338 |
_aمجلد _bnc _2rdacarrier |
||
| 600 | 0 | 7 |
_aمحمد (صلى الله عليه وسلم)، _d53 قبل الهجرة-11 هجري _2aucnm |
| 650 | 7 |
_aالسيرة النبوية _2aucsh |
|
| 650 | 7 |
_aحب النبي صلى الله عليه وسلم _2aucsh |
|
| 650 | 7 |
_aالصلاة على النبي (صلى الله عليه وسلم) _2aucsh |
|
| 942 |
_2ddc _cBOOK |
||
| 949 |
_aSA-JeALM _d240908 _umohamedma123 _n1 |
||
| 999 |
_c118 _d118 |
||